Delivering strategies for masterplans and area action plans (Record no. 108655)
[ view plain ]
| 000 -LEADER | |
|---|---|
| fixed length control field | 01348cad a22002415a 4500 |
| 001 - CONTROL NUMBER | |
| control field | L144923 |
| 008 - FIXED-LENGTH DATA ELEMENTS--GENERAL INFORMATION | |
| fixed length control field | 080820e20080711xxkado f s 000 0 eng d |
| 035 ## - SYSTEM CONTROL NUMBER | |
| System control number | (Sirsi) u144923 |
| 041 0# - LANGUAGE CODE | |
| Language code of text/sound track or separate title | eng |
| 050 04 - LIBRARY OF CONGRESS CALL NUMBER | |
| Classification number | 711.52 $2 18 |
| 100 1# - MAIN ENTRY--PERSONAL NAME | |
| Personal name | Beaman, Michael |
| 245 00 - TITLE STATEMENT | |
| Title | Delivering strategies for masterplans and area action plans |
| Medium | [electronic resource] |
| 260 ## - PUBLICATION, DISTRIBUTION, ETC. | |
| Place of publication, distribution, etc. | London |
| Name of publisher, distributor, etc. | RICS |
| Date of publication, distribution, etc. | 2008 |
| 505 2# - FORMATTED CONTENTS NOTE | |
| Formatted contents note | Background -- The starting point: partners, visions and shared objectives -- The 'baseline': practical and financial restraints -- Public funding for physical regeneration -- Special funding streams -- Maximising public funding -- Development and developers -- Forecasting the future -- Putting it together - managing the delivery process -- The business plan |
| 520 ## - SUMMARY, ETC. | |
| Summary, etc. | Looks at masterplanning as a core skill for planning and development surveyors, making use of a variety of detailed case studies. A summarised version is also available for those who are looking for the key points of the research. |
| 521 ## - TARGET AUDIENCE NOTE | |
| Target audience note | Advanced |
| 590 ## - LOCAL NOTE (RLIN) | |
| Local note | KA |
| 651 #4 - SUBJECT ADDED ENTRY--GEOGRAPHIC NAME | |
| Geographic name | United Kingdom |
| Chronological subdivision | |
| 690 ## - LOCAL SUBJECT ADDED ENTRY--TOPICAL TERM (OCLC, RLIN) | |
| Topical term or geographic name as entry element | PROPERTY-PROPERTY MANAGEMENT-REGENERATION |
| 710 2# - ADDED ENTRY--CORPORATE NAME | |
| Corporate name or jurisdiction name as entry element | Royal Institution of Chartered Surveyors |
| 9 (RLIN) | 4900 |
| 856 40 - ELECTRONIC LOCATION AND ACCESS | |
| Uniform Resource Identifier | <a href="https://www.rics.org/RICSWEB/getpage.aspx?p=RGbyJia7SUmD2TvTGMwdYA">https://www.rics.org/RICSWEB/getpage.aspx?p=RGbyJia7SUmD2TvTGMwdYA</a> |
| Public note | View the item free of charge at www.rics.org... |
| 942 ## - ADDED ENTRY ELEMENTS (KOHA) | |
| Suppress in OPAC | 0 |
| Withdrawn status | Lost status | Source of classification or shelving scheme | Damaged status | Not for loan | Home library | Current library | Shelving location | Date acquired | Total Checkouts | Full call number | Date last seen | Copy number | Koha item type |
|---|---|---|---|---|---|---|---|---|---|---|---|---|---|
| Dewey Decimal Classification | Archives | Archives | RICS Boxes | 20/08/2008 | RICS 2008/78 | 14/11/2023 | 1 | Book |